| 000 | 00592nam a2200193Ia 4500 | ||
|---|---|---|---|
| 003 | IN-BaIIA | ||
| 008 | 211028s9999 xx 000 0 eng d | ||
| 020 | _a0-471-56343-9 | ||
| 040 | _cIIA Library | ||
| 080 |
_a654.9 _bMAG |
||
| 100 |
_aMagrab, Edward B _97294 |
||
| 245 | 4 |
_aThe measurement of time-varying phenomena _bfundamentals and applications _cEdward B. Magrab and Donald S. Blomquist |
|
| 260 |
_aNew York _bJohn Wiley & Sons _c1971 |
||
| 300 | _axiii, 347p. | ||
| 650 | _aNASA thesaurus | ||
| 650 |
_aSignal processing _93537 |
||
| 700 |
_aDonald S. Blomquist _97295 |
||
| 942 | _cBK | ||
| 999 |
_c4146 _d4146 |
||